[Event "Bergen Sommer op-A"]
[Site "Bergen"]
[Date "2007.08.09"]
[Round "5"]
[White "Christoffersen, Odd"]
[Black "Strand, Oyvin"]
[Result "0-1"]
[WhiteElo "1600"]
[BlackElo "1761"]
[PlyCount "96"]
[EventDate "2007.08.05"]
[EventType "swiss"]
[EventRounds "6"]
[EventCountry "NOR"]
[SourceTitle "CBM 119 Extra"]
[Source "ChessBase"]
[SourceDate "2007.09.04"]
[SourceVersion "1"]
[SourceVersionDate "2007.09.04"]
[SourceQuality "1"]

1. e4 e6 2. d3 d5 3. Nd2 f5 4. e5 c5 5. g3 Nc6 6. f4 Bd7 7. Bg2 Nh6 8. Ndf3 Be7 9. Ne2 Qc7 10. d4 Nf7 11. c3 b5 12. 0-0 c4 13. b3 0-0 14. bxc4 bxc4 15. h3 g6 16. g4 h6 17. Qe1 Kh7 18. Qg3 Rg8 19. h4 h5 20. g5 Rgb8 21. Nh2 Rb5 22. Bf3 Kg7 23. Qg2 Rab8 24. Ng3 Qa5 25. Qc2 Ba3 26. Rf2 Bb2 27. Bxb2 Rxb2 28. Qc1 Rxf2 29. Kxf2 Qb5 30. Qd1 Qb2+ 31. Ne2 a5 32. Nf1 Na7 33. Nd2 Qa3 34. Rb1 Ba4 35. Qe1 Nb5 36. Qc1 Qxc1 37. Rxc1 Na3 38. Ng3 Rb2 39. Ke2 Rxa2 40. Bxh5 gxh5 41. Nxh5+ Kg6 42. Ng3 Nb5 43. h5+ Kg7 44. Ngf1 Rc2 45. Ra1 Nxc3+ 46. Ke3 Ra2 47. Rc1 Nd1+ 48. Kf3 c3 0-1

[Event "Bergen Sommer op-A"]
[Site "Bergen"]
[Date "2005.08.04"]
[Round "5"]
[White "Bue, Gunnar"]
[Black "Christoffersen, Odd"]
[Result "1/2-1/2"]
[WhiteElo "1551"]
[BlackElo "1540"]
[PlyCount "78"]
[EventDate "2005.07.31"]
[EventType "swiss"]
[EventRounds "6"]
[EventCountry "NOR"]
[SourceTitle "EXT 2006"]
[Source "ChessBase"]
[SourceDate "2005.11.24"]
[SourceVersion "1"]
[SourceVersionDate "2005.11.24"]
[SourceQuality "1"]

1. d4 d5 2. c4 e6 3. Nf3 Nf6 4. e3 Be7 5. Bd3 0-0 6. 0-0 Nbd7 7. b3 Ne4 8. Bb2 f5 9. Nc3 c6 10. Ne2 g5 11. Ne5 Nxe5 12. dxe5 Bd7 13. f3 Nc5 14. Bc2 Qe8 15. Rc1 Qf7 16. cxd5 cxd5 17. b4 Na6 18. a3 Rac8 19. Bd3 Nb8 20. Qd2 a6 21. Rxc8 Rxc8 22. e4 Nc6 23. exd5 exd5 24. Rc1 Bd8 25. Kh1 f4 26. Bb1 Be6 27. Ba2 Bb6 28. Rd1 Rd8 29. Bd4 Bc7 30. Nc3 Qg7 31. Bf2 Ne7 32. Bc5 Bxe5 33. Bxe7 Bxc3 34. Qd3 Qxe7 35. Qxc3 Qg7 36. Qc5 Qd7 37. Qd4 Qg7 38. Qc5 Qf7 39. Qd4 Qg7 1/2-1/2